Score 0/24 Timer 03:00
1 Play Today
Mixed Word Musicans % Correct
RLBUBlur
96%
UMESMuse
92%
PICES IGLRSSpice Girls
91.4%
HTE ISKNKThe Kinks
90.5%
HET EEABSTLThe Beatles
89.9%
EXS IOLSTPSThe Sex Pistols
88.8%
EEFLOTOWD CMAFleetwood Mac
86.9%
VADID WOIBEDavid Bowie
86.8%
NVA ORONRMISVan Morrison
82.3%
YJO VIDISIONJoy Division
79.8%
LKABC BBAHSTABlack Sabbath
78.5%
EWN DERORNew Order
75.8%
Mixed Word Musicans % Correct
ASOSIOasis
75.1%
LEDAEAdele
74.1%
EHT EZBIOMSThe Zombies
73.6%
MYA INEWSEHOUAmy Winehouse
71.8%
HET TNOSE SERSOThe Stone Roses
66.7%
UFORMMD NAD SOSNMumford and Sons
61.9%
HET LILGORN SETOSNThe Rolling Stones
60.1%
KINC KAERDNick Drake
57.9%
PRUSE RURFY NAMISALSuper Furry Animals
56.2%
EDUSESuede
54.7%
CPOLLADYColdplay
33.4%
AHEDRAIDORadiohead
33.1%

You're not logged in!

Compare scores with friends on all Sporcle quizzes.
OR
Log In

Sporcle TV

Today on Sporcle TV


Watch our educational content, quiz creation guides, and fun videos on Sporcle TV.

Show Comments

Extras

Top Quizzes Today


Score Distribution

Paid Content

Your Account Isn't Verified!

In order to create a playlist on Sporcle, you need to verify the email address you used during registration. Go to your Sporcle Settings to finish the process.

Report this User

Report this user for behavior that violates our Community Guidelines.

Details: